000 00692nam a22001697a 4500
999 _c15097
_d15097
003 OSt
082 _2664 SAF/OP
088 _aP 370
100 _aSAFEENA P. A
_aSRAVAN RAJ
_aSREELATHA E
_aSTENY SIMON
_aTHEERTHA M. S
_92526
245 _aOptimization of microwave assisted process for extraction of nutmeg seed essential oil
260 _aTavanur 2017
_bKelappaji College of Agricultural Engineering and Technology
300 _a63
500 _aOptimization of microwave assisted process for extraction of nutmeg seed essential oil
520 _aOptimization of microwave assisted process for extraction of nutmeg seed essential oil
700 _aDr. Prince M. V (Guide)
_92144
942 _cPR